Seminario Ordenamiento y desarrollo territorial : (Registro nro. 3758)

Detalles MARC
000 -CABECERA
Campo de control 00884nam a2200205 a 4500
005 - FECHA Y HORA DE LA ULTIMA TRANSACCION
Campo de control 20160123141036.0
008 - ELEMENTOS DE LONGITUD FIJA—INFORMACION GENERAL
Campo de control 140312s1998 ck fr|||| 10| 0 spa d
040 ## - FUENTE DE CATALOGACIÓN
Agencia catalogadora original CO-BoIAVH
Agencia transcriptora CO-BoIAVH
041 0# - IDIOMA
Código de idioma para texto/pista de sonido o título separado Español
044 ## - PAÍS DE PUBLICACIÓN
País de publicación Colombia
082 04 - NUMERO DE CLASIFICACION DECIMAL DEWEY
Número de clasificación 307.12
Número del ítem S47s
111 2# - ASIENTO PRINCIPAL--NOMBRE DE REUNION
Nombre de reunión o de jurisdicción como elemento de entrada Seminario Ordenamiento y Desarrollo Territorial: memorias
Lugar de la reunión Tunja
Fecha de la reunión Mayo 7-9, 1998
9 (RLIN) 54442
245 10 - MENCION DE TITULO
Título Seminario Ordenamiento y desarrollo territorial :
Parte restante del título memorias /
Mención de responsabilidad Universidad Pedagógica y Tecnológica de Colombia, Instituto de Investigaciones y Formación Avanzada
260 ## - PUBLICACION, DISTRIBUCION, ETC. (PIE DE IMPRENTA)
Lugar de publicación, distribución, etc. Tunja :
Nombre del editor, distribuidor, etc. Universidad Pedagógica y Tecnológica de Colombia :
-- Instituto de Investigaciones y Formación Avanzada,
Fecha de publicación, distribución, etc. 1998.
300 ## - DESCRIPCION FISICA
Extensión 108 páginas ;
Dimensiones 27 x 21 cm.
650 #6 - ASIENTO SECUNDARIO DE MATERIA - TERMINO TEMATICO
Término temático o nombre geográfico como elemento de entrada Ordenamiento territorial
9 (RLIN) 54443
650 #6 - ASIENTO SECUNDARIO DE MATERIA - TERMINO TEMATICO
Término temático o nombre geográfico como elemento de entrada Esquemas de ordenamiento territorial
9 (RLIN) 2773
662 ## - ASIENTO SECUNDARIO DE MATERIA - JERARQUIA DEL NOMBRE DE LUGAR(
País o entidad mayor Colombia
Jurisdicción política de primer orden Boyaca
Ciudad Tunja
942 ## - ELEMENTOS ADICIONALES (KOHA)
Tipo de ítem Libro
Sistema de clasificación Dewey Decimal Classification
Existencias
Withdrawn status Lost status Sistema de Clasificación Damaged status No para préstamo Colección Inventariado Ubicación Permanente Ubicación actual Fecha de adquisición Valor Total Checkouts Número topográfico Inventario / Código de Barras Date last seen Ejemplar Price effective from Forma de adquisición Tipo de material
    Dewey Decimal Classification     General Inventariado 2017 Bogotá Bogotá 25/03/2004 39000.00   LB-307.12 S47s 015554 04/12/2012 Ej. 1 04/12/2012   Libro